• 首页
  • 本馆介绍
  • 公告通知
  • 最新文献
  • 馆藏检索
  • 电子资源
  • 读者荐购
  • 参考咨询
  • CALIS
  • 我的图书馆
  • 登录
  • 详细信息显示
  • 放入我的书架
  • 预约/预借图书
  • 作者相关作品
  • 分类相关作品
  • 丛书相关作品
  • 出版社相关作品

书目信息

  • 表格格式
  • 工作单格式
  • 卡片格式
题名:
奇妙宠物店
    
 
作者: 乌曼斯基 著 ;霍恩 绘
分册: 1   五级
出版信息: 北京   外语教学与研究出版社  2015.09
页数: 23页
开本: 20cm
丛书名:
单 册:
中图分类: H319.4
科图分类:
主题词: 英语
电子资源:
ISBN: 978-7-5135-6472-4
 
 
 
 
 
000 00768nam0 2200241 450
001 2635611061
005 20260625095441.05
010    @a978-7-5135-6472-4
100    @a20260624d2015 km y0chiy0120 ea
101 0  @achi
102    @aCN@b110000
200 1  @a奇妙宠物店@AQi Miao Chong Wu Dian@e大猫英语分级阅读@h1@i五级@f(英)乌曼斯基著;(英)霍恩绘@F(Ying)Wu Man Si Ji Zhu;(Ying)Huo En Hui
210    @a北京@c外语教学与研究出版社@d2015.09
215    @a23页@d20cm
300    @a适合小学三、四年级
517 1  @a大猫英语分级阅读@ADa Mao Ying Yu Fen Ji Yue Du
517 1  @a五级@AWu Ji
606 0  @a英语
690    @aH319.4@v4
701  0 @a乌曼斯基@AWu Man Si Ji@4著
702  0 @a霍恩@AHuo En@4绘
801  0 @aCN@b河南城建学院图书馆@c20260624
905    @dH319.4@eW717:5:1
    
    奇妙宠物店:大猫英语分级阅读.1.五级/(英)乌曼斯基著;(英)霍恩绘.-北京:外语教学与研究出版社,2015.09
    23页;20cm
    适合小学三、四年级
    
    ISBN 978-7-5135-6472-4:
    
●
相关链接 在E读中查询图书 在当当中查询图书 在豆瓣中查询图书


正题名:奇妙宠物店     索取号:H319.4/W717:5:1         预约/预借

序号 登录号 条形码 馆藏地/架位号 状态 备注
1 1557138   215571389   外国语学院资料室/ [索取号:H319.4/W717:5:1] 在馆    
河南城建学院图书馆 欢迎您!
大连网信软件有限公司© 版权所有